000 00695nam a2200289Ia 4500
005 20260324133737.0
008 008 260324s9999 xx 000 0 eng d
020 _a9781315024356
037 _aEBOOK
040 _aCRL
040 _beng
040 _cCRL
041 _2eng
041 _aeng
084 _qCRL
100 _aTed Rall; Carl Boggs
_91194227
245 0 _aMasters of War
245 0 _bMilitarism and Blowback in the Era of American Empire
260 _bTaylor and Francis
260 _c2003
365 _a
365 _b74.99
856 _uhttp://www.taylorfrancis.com/books/9781315024356
942 _cEBOOK
999 _c1793598
_d1793598